000 00534nam a22001937a 4500
005 20130910160149.0
010 _aENG-108122
020 _a9788175053663
_c80.00
020 _a8175053666
_c80.00
035 _aEN-91655
037 _bDBAD/PUB
082 _a181.45
100 _aSwahananda,Swami
245 _aVedanta and holy mother /
_cby Swami Swahananda
260 _aKolkata
_bAdvaita Ashrama
_c2013
270 _a5 Dehi Entally Road
_bKolkata
300 _a360p.
_c22cm(Hb)
942 _2ddc
_cEN
_mSWA
_h181.45
999 _c77927
_d77927